书目信息 |
| 题名: |
北魏崔敬邕墓志
|
|
| 作者: | ;<历代碑帖法书选>编辑组 编 | |
| 分册: | ||
| 出版信息: | 北京 文物出版社 |
|
| 页数: | 一册 | |
| 开本: | 20cm | |
| 丛书名: | ||
| 单 册: | ||
| 中图分类: | J292.23 | |
| 科图分类: | ||
| 主题词: | 书法--中国 , 篆刻--中国 | |
| 电子资源: | ||
| ISBN: | ||
| 000 | 00627nam0 2200217 45 | |
| 001 | 0312221749 | |
| 005 | 20040520110923.9 | |
| 010 | @dCNY0.26 | |
| 091 | @a8068.1331 | |
| 100 | @a20031222d km y0chiy0120 ea | |
| 101 | @achi | |
| 105 | @a z 000yy | |
| 200 | 1 |
@a北魏崔敬邕墓志@ABei Wei Cui Jing Yong Mu Zhi@f<历代碑帖法书选>编辑组编@F |
| 210 | @a北京@c文物出版社 | |
| 215 | @a一册@d20cm | |
| 606 | 0 | @a书法@x中国 |
| 606 | 0 | @a篆刻@x中国 |
| 690 | @aJ292.23@v3 | |
| 711 | 02 | @a<历代碑帖法书选>编辑组@4编 |
| 801 | @aCN@bTSTCL@c20031222 | |
| 905 | @dJ292.23@e174@f2@b228361-362 | |
| 北魏崔敬邕墓志/<历代碑帖法书选>编辑组编.-北京:文物出版社 |
| 一册;20cm |
| ISBN :CNY0.26 |
| ● |
| 相关链接 |
|
|
|
|
正题名:北魏崔敬邕墓志
索取号:J292.23/174
 
预约/预借
| 序号 | 登录号 | 条形码 | 馆藏地/架位号 | 状态 | 备注 |
| 1 | 0207957 | 202079570 | 第一样本阅览室/ [索取号:J292.23/174] | 在馆 | |
| 2 | 0207957 | 001207615 | 第一借阅区/ [索取号:J292.23/174] | 在馆 | |
| 3 | 0228361 | 001207642 | 第一借阅区/ [索取号:J292.23/174] | 在馆 | |
| 4 | 0228362 | 001210273 | 第一借阅区/ [索取号:J292.23/174] | 在馆 |